000 00602nam a2200193Ia 4500
003 GCL
008 140319s9999 xx 000 0 ara d
040 _aGCL /
_cGCL
082 0 4 _a891.7
_bل ف
100 1 _aايونوف، يفغينى
245 1 0 _aفى السراء والضراء: نحن السوفييت: قصص /
_cايونوف، يفغينى
700 1 _aشوكت موسى شردان
300 _a516 ص
490 _a
650 0 4 _aالادب الروسى
650 0 4 _aالقصص الروسية المترجمة
650 0 4 _aالادب الروسى المترجم
942 _2ddc
_cBK
999 _c38445
_d38445